000 00838nmc a2200313 a 4500
003 AR-BaBNM
005 20251128204110.0
008 115019s1990 ||||||||||||||000 | spa||
020 _a950-25-1562-5
040 _cAR-BaBNM
100 1 _aFerioli, Néstor
245 1 0 _aLa fundación Eva Perón
_n1
260 _aBuenos Aires
_bCentro Editor de América Latina
_c1990
300 0 _a108 p.
490 0 _aBiblioteca política Argentina
_vv. 293
500 0 _aCon anexos
600 1 4 _aPerón, Eva
600 1 4 _aDuarte de Perón, María Eva
650 4 _aHISTORIA ARGENTINA
650 4 _aPOLITICA
650 4 _aHISTORIA SOCIAL
650 4 _aSERVICIOS SOCIALES
650 4 _aBIENESTAR SOCIAL
650 4 _aJUSTICIA SOCIAL
651 4 _aArgentina
800 1 _aTroncoso, Oscar
_edirector
942 _cBK
998 _cenrique
999 _c6164
_d6164